| 000 | 00349nam a2200133Ia 4500 | ||
|---|---|---|---|
| 008 | 231017s9999 xx 000 0 und d | ||
| 082 | _a621.38173 | ||
| 082 | _bFOR | ||
| 245 | 0 | _a"Engineer's Mini Note Book Formulas, Tables and Basic Circuits" | |
| 245 | 0 | _cForrest M. Mims III | |
| 260 | _bForrest M. Mims III | ||
| 300 | _c30cm | ||
| 942 | _cREP | ||
| 999 |
_c603986 _d603986 |
||